| 000 | 00753nac a22002171u 4500 | ||
|---|---|---|---|
| 010 | _a 2004053296 | ||
| 020 | _a0273687689 (pbk.) | ||
| 082 | 0 | 0 |
_a658 _bHAN |
| 090 |
_c7062 _d7062 |
||
| 100 | _aHannagan, Tim. | ||
| 245 | 1 | 0 |
_aManagement : _bconcepts & practices / _cTim Hannagan with contributions from Roger Bennett ... [et al.]. |
| 250 | _a4th ed. | ||
| 260 |
_aUpper Saddle River, NJ : _bFinancial Times/Prentice Hall,2004 _c2004. |
||
| 300 |
_axxiii, 695 p. : _bill. ; _c25 cm. |
||
| 500 | _adistributer: Al-Ahram | ||
| 504 | _aIncludes bibliographical references and index. | ||
| 511 | _acatalogue by: wessam | ||
| 650 | 0 | _aManagement. | |
| 700 | 1 |
_aBennett, Roger, _d1944- |
|
| 942 |
_cBB _k658HAN |
||
| 999 |
_c7062 _d7062 |
||